000
00248nam a2200109Ia 4500
008
190914s9999||||xx |||||||||||||| ||und||
100
_a
Robinson Adam
245
0
_a
Cracking the GMAT
260
_a
India
_b
Oxford
_c
912
300
_a
2005
942
_c
BK
999
_c
10052
_d
10052